Excursions into mathematics / (Record no. 179749)
[ view plain ]
| 000 -LEADER | |
|---|---|
| fixed length control field | 00951 a2200229 4500 |
| 003 - CONTROL NUMBER IDENTIFIER | |
| control field | NUST |
| 005 - DATE AND TIME OF LATEST TRANSACTION | |
| control field | 20221028143936.0 |
| 010 ## - LIBRARY OF CONGRESS CONTROL NUMBER | |
| LC control number | 99058794 |
| 020 ## - INTERNATIONAL STANDARD BOOK NUMBER | |
| International Standard Book Number | 817371441x |
| 040 ## - CATALOGING SOURCE | |
| Transcribing agency | Nust |
| 082 00 - DEWEY DECIMAL CLASSIFICATION NUMBER | |
| Classification number | 510,BEC |
| 100 1# - MAIN ENTRY--PERSONAL NAME | |
| Personal name | Beck, Anatole. |
| 9 (RLIN) | 101648 |
| 245 10 - TITLE STATEMENT | |
| Title | Excursions into mathematics / |
| Statement of responsibility, etc. | Anatole Beck, Michael N. Bleicher, Donald W. Crowe. |
| 250 ## - EDITION STATEMENT | |
| Edition statement | The millennium ed. / |
| Remainder of edition statement | [with a foreword by Martin Gardner]. |
| 260 ## - PUBLICATION, DISTRIBUTION, ETC. | |
| Place of publication, distribution, etc. | Natick, Mass. : |
| Name of publisher, distributor, etc. | A.K. Peters, |
| Date of publication, distribution, etc. | c2000. |
| 300 ## - PHYSICAL DESCRIPTION | |
| Extent | xxv, 499 p. : |
| Other physical details | ill. ; |
| Dimensions | 24 cm. |
| 505 ## - FORMATTED CONTENTS NOTE | |
| Formatted contents note | Euler’s Formula for Polyhedra, and Related Topics (Page-1), The Search for Perfect Numbers (Page-79), What is Area (Page-145), Some Exotic Geometries (Page-211), Games (Page-315), What’s in a Name (Page-389), Glossary of Symbols (Page-477), Index (Page-479). |
| 650 #0 - SUBJECT ADDED ENTRY--TOPICAL TERM | |
| Topical term or geographic name entry element | Mathematics. |
| 700 1# - ADDED ENTRY--PERSONAL NAME | |
| Personal name | Bleicher, Michael N. |
| 9 (RLIN) | 101649 |
| 700 1# - ADDED ENTRY--PERSONAL NAME | |
| Personal name | Crowe, Donald W. |
| Dates associated with a name | 1927- |
| 9 (RLIN) | 101650 |
| 942 ## - ADDED ENTRY ELEMENTS (KOHA) | |
| Source of classification or shelving scheme | |
| Koha item type | Book |
| Call number prefix | 510,BEC |
| Withdrawn status | Lost status | Source of classification or shelving scheme | Damaged status | Not for loan | Permanent Location | Current Location | Shelving location | Date acquired | Full call number | Barcode | Date last seen | Price effective from | Koha item type | Public note |
|---|---|---|---|---|---|---|---|---|---|---|---|---|---|---|
| Military College of Signals (MCS) | Military College of Signals (MCS) | General Stacks | 12/12/2016 | 510,BEC | MCS32598 | 12/08/2016 | 12/12/2016 | Book Bank | Almirah No. A/135, Shelf No.3 | |||||
| Military College of Signals (MCS) | Military College of Signals (MCS) | General Stacks | 12/12/2016 | 510,BEC | MCS7687 | 12/08/2016 | 12/12/2016 | Book | Almirah No.82, Shelf No.1 |
